South Eastern Kenya University

Library Online Public Access Catalogue


Intermediate accounting (Record no. 10296)

MARC details
000 -LEADER
fixed length control field 00362pam a2200133 4500
020 ## - ISBN
International Standard Book Number 0471474703
050 0# - LIBRARY OF CONGRESS CALL NUMBER
Classification Number HF 5635
Item Number .K5
100 1# - MAIN ENTRY--Author
Personal name Kieso, Donald E.
245 10 - TITLE
Title Intermediate accounting
Statement of responsibility, etc [by] Donald E. Kieso [and] Jerry J. Weygandt.
260 ## - PUBLICATION, DISTRIBUTION, ETC.(IMPRINT)
Place of publication, distribution, etc New York,
Name of publisher, distributor, etc Wiley
Date of publication, distribution, etc [1974]
300 ## - PHYSICAL DESCRIPTION
Extent xvi, 1151 p.
700 1# - ADDED ENTRY--PERSONAL AUTHOR
Personal Name Weygandt, Jerry J.,
942 ## - ADDED ENTRY ELEMENTS(KOHA)
Source of classification or shelving scheme Library of Congress Classification
Koha item type General circulation
Holdings
Source of classification or shelving scheme Not for loan Location (home branch) Sublocation (holding branch) Date accessioned Full call number Barcode Nonpublic note Koha item type
Library of Congress Classification   Mtito Andei Centre Library Mtito Andei Centre Library 03/02/2016 HF 5635 .K5 2015/008143 em General circulation
Library of Congress Classification   Mtito Andei Centre Library Mtito Andei Centre Library 03/02/2016 HF 5635 .K5 2015/008144 em General circulation
Kitui, Kenya.
+254736116989
library@seku.ac.ke